| 000 | 00863nam a2200241 i 4500 | ||
|---|---|---|---|
| 001 | 120370 | ||
| 003 | ES-MaACL | ||
| 005 | 20230906191532.0 | ||
| 007 | t| | ||
| 008 | 070214s1981 sp r ||||1| spa d | ||
| 245 | 0 | 0 |
_aPoetas toledanos vivos / _cAmador Palacios. |
| 260 |
_aToledo : _bInstituto Provincial de Investigaciones y Estudios Toledanos, _c1981. |
||
| 300 |
_a72 p. ; _c22 cm. |
||
| 490 | 1 |
_aTemas Toledanos ; _v16 |
|
| 650 | 4 |
_aPoesías españolas- _yS.XX. _916221 |
|
| 650 | 4 |
_aPoesías españolas- _zToledo (Provincia) _9170403 |
|
| 650 | 4 |
_aPoetas españoles- _zToledo (Provincia)- _xBiografías. _9170404 |
|
| 700 | 1 |
_aPalacios, Amador. _988388 |
|
| 710 | 2 |
_aInstituto Provincial de Investigaciones y Estudios Toledanos. _95217 |
|
| 830 | 0 |
_aTemas Toledanos ; _v16 _9181269 |
|
| 852 |
_aES-MaACL _jL-6380 _bR.106556 |
||
| 999 |
_c120370 _d120370 |
||